000
00286nam a2200121Ia 4500
008
190722s9999 xx 000 0 und d
020
_a
978-93-325-4549-6
100
_a
Thomas L.Floyd
245
0
_a
Electronic Devices
260
_a
India
_b
Pearson ED
_c
2015
300
_a
958
942
_c
BK
999
_c
459
_d
459